00648 2200217 4500001002100000005001500021035002000036007000300056008004100059020002200100082001600122084002200138100001700160245005700177250000900234260007300243300002900316650003900345650002700384856001900411INLIS00000000000001420250710110247 a0010-0725000014ta250710 a 0 ind  a978-623-307-343-1 a398.209 598 a398.209 598 SHI k0 aShim Jeongmi1 aKeluarga Simpons Mengalahkan Harimau /cJeongmi Shim a2024 aJakarta :bBadan Pengembangan dan Pembinaan Bahasa,cCetakan Pertama a14 hlm :bIlus. ;c21 cm 4aCerita Anak Indonesia - Terjemahan 4aLiterasi- Bahan Bacaan aTBM AS-SYUHADA